Animal Alphabet Picture 29 - Statistics

General Stats
  • This quiz has been taken 19 times
  • The average score is 17 of 26
Answer Stats
Picture Hint Answer % Correct
A Alpaca
100%
B Buffalo
100%
C Cat
100%
D Dragon
100%
F Flamingo
92%
H Hedgehog
92%
J Jellyfish
92%
E Echidna
83%
K Kiwi
83%
L Llama
83%
P Penguin
83%
Q Queen Bee
83%
T Tarantula
83%
W Warthog
83%
R Roadrunner
75%
G Gazelle
67%
O Oryx
67%
M Mudskipper
42%
I Indri
33%
V Viperfish
33%
Z Zebu
33%
N Numbat
25%
S Springhare
25%
U Uaru
25%
X Xeme
25%
Y Yellow-Backed Duiker
8%
No matching quizzes found
Score Distribution
Percent of People with Each Score
Percentile by Number Answered
Your Score History
You have not taken this quiz